000
00302nam a2200133Ia 4500
008
150301s2015 xx 000 0 und d
082
_a
615.19
_b
O12M
100
_a
S.M MUKHERJEE
245
_a
ORGANCE CHEMISTRY-|||
260
_b
NEW AGE INT.
300
_a
350
650
_a
CHEMISTRY
942
_2
ddc
_c
BK
999
_c
7236
_d
7236